<?xml version="1.0" encoding="UTF-8"?>
<record
    xmlns:xsi="http://www.w3.org/2001/XMLSchema-instance"
    xsi:schemaLocation="http://www.loc.gov/MARC21/slim http://www.loc.gov/standards/marcxml/schema/MARC21slim.xsd"
    xmlns="http://www.loc.gov/MARC21/slim">

  <leader>00718nam a22002297a 4500</leader>
  <controlfield tag="003">UA-OsUOA</controlfield>
  <controlfield tag="001"> 46497 </controlfield>
  <controlfield tag="007">ta</controlfield>
  <controlfield tag="008">20120224b un ||||| |||| 00| 0 ukr d</controlfield>
  <datafield tag="090" ind1=" " ind2=" ">
    <subfield code="a">082</subfield>
    <subfield code="b">&#x41F;27</subfield>
  </datafield>
  <datafield tag="942" ind1=" " ind2=" ">
    <subfield code="c">BK</subfield>
  </datafield>
  <datafield tag="040" ind1=" " ind2=" ">
    <subfield code="a">UA-OsUOA</subfield>
    <subfield code="b">ukr</subfield>
    <subfield code="c">UA-OsUOA</subfield>
    <subfield code="d">UA-OsUOA</subfield>
  </datafield>
  <datafield tag="245" ind1=" " ind2=" ">
    <subfield code="a">&#x41F;&#x435;&#x440;&#x448;&#x430; &#x43C;&#x456;&#x436;&#x43D;&#x430;&#x440;&#x43E;&#x434;&#x43D;&#x430; &#x436;&#x456;&#x43D;&#x43E;&#x447;&#x430; &#x43A;&#x43E;&#x43D;&#x444;&#x435;&#x440;&#x435;&#x43D;&#x446;&#x456;&#x44F; "&#x423;&#x43A;&#x440;&#x430;&#x457;&#x43D;&#x43A;&#x430; &#x456; &#x434;&#x435;&#x43C;&#x43E;&#x43A;&#x440;&#x430;&#x442;&#x456;&#x44F;", 7-11 &#x43B;&#x438;&#x43F;&#x43D;&#x44F; 1993</subfield>
  </datafield>
  <datafield tag="300" ind1=" " ind2=" ">
    <subfield code="a">175 &#x441;.</subfield>
  </datafield>
  <datafield tag="955" ind1=" " ind2=" ">
    <subfield code="a">4</subfield>
  </datafield>
  <datafield tag="041" ind1=" " ind2=" ">
    <subfield code="a">ukr</subfield>
  </datafield>
  <datafield tag="080" ind1=" " ind2=" ">
    <subfield code="a">082</subfield>
  </datafield>
  <datafield tag="260" ind1=" " ind2=" ">
    <subfield code="a">&#x41A;.</subfield>
    <subfield code="c">1993</subfield>
  </datafield>
  <datafield tag="650" ind1=" " ind2="7">
    <subfield code="a">08 &#x412;&#x438;&#x434;&#x430;&#x43D;&#x43D;&#x44F;. &#x41A;&#x43E;&#x43B;&#x435;&#x43A;&#x442;&#x438;&#x432;&#x43D;&#x456; &#x43F;&#x440;&#x430;&#x446;&#x456;</subfield>
    <subfield code="2">UDC</subfield>
  </datafield>
  <datafield tag="999" ind1=" " ind2=" ">
    <subfield code="c">426604</subfield>
    <subfield code="d">426604</subfield>
  </datafield>
  <datafield tag="952" ind1=" " ind2=" ">
    <subfield code="0">0</subfield>
    <subfield code="1">0</subfield>
    <subfield code="2">udc</subfield>
    <subfield code="4">0</subfield>
    <subfield code="7">0</subfield>
    <subfield code="a">300</subfield>
    <subfield code="b">300</subfield>
    <subfield code="d">2012-02-24</subfield>
    <subfield code="e">222/2010</subfield>
    <subfield code="g">1.00</subfield>
    <subfield code="i">2132994</subfield>
    <subfield code="l">0</subfield>
    <subfield code="o">082 &#x41F;27</subfield>
    <subfield code="p">2132994</subfield>
    <subfield code="r">2019-09-14 00:00:00</subfield>
    <subfield code="w">2012-02-24</subfield>
    <subfield code="y">BK</subfield>
  </datafield>
</record>
